| 000 | 00500nam a22001817a 4500 | ||
|---|---|---|---|
| 003 | OSt | ||
| 005 | 20260202052405.0 | ||
| 008 | 260202b |||||||| |||| 00| 0 eng d | ||
| 020 | _a 0-684-80444-1. | ||
| 040 |
_aDWC-Admin lib _cOC |
||
| 082 | _aFic. H373s 1995 | ||
| 100 | _aHemingway, Ernest | ||
| 245 |
_a The snows of Kilimanjaro / _cErnest Hemingway |
||
| 260 |
_aN.Y. : _bSimon & Schuster, _cc1995. |
||
| 300 |
_a 154 p. ; _c20 cm. |
||
| 650 | _a1. Novels | ||
| 942 |
_2ddc _cFIC. _hFic. _n0 |
||
| 999 |
_c8116 _d8116 |
||